01578nam a2200277 a 450000100100000000500170001000800410002702000180006804000250008608200200011110000380013124501180016926000360028730000260032349000730034950001230042250000770054550001370062259000270075971000630078683000800084995201180092995201180104795201180116599900170128300004670320201002053046.0180319s2015 dr a 000 0 spa d a9789945898071 aDO-SdBNPbspacBNPHU axxxbI37g, 6to.1 aInchaustegui, Maria Isabel92956810aTaller 0 ;bel currículo de lengua española del primer ciclo del nivel primario /cMaria Isabel Inchaustegui. aSanto Domingo :bMINERD,c2015. a31 p. :bil. ;c28cm.1 aDesarrollo profesional docente. Enseñanza de la lengua española. aPolítica de apoyo a los aprendizajes de los primeros grados del nivel primario en lectura, escritura y matemática. aRegional educativa 05 San Pedro de Macorís, 12 Higuey y 17 Monte Plata aA la cabeza del titulo: Desarrollo Profesional Docente. Capacitación de Docentes para la Enseñanza de la Lectura y la Escritura. aInventariado, 2018/MFF1 aRepública Dominicana.bMinisterio de Educación.943100 0aDesarrollo profesional docente. Enseñanza de la lengua española.974657 0010718PDaGRbGRcHDd2018-03-19iLF1l0oxxx I37g, 6to.p46703-30r2020-06-25w2020-06-25yLFPDZNo se presta 0010718PDaPDbPDcHDd2018-03-19iLF1l0oxxx I37g, 6to.p46703-10r2020-06-25w2020-06-25yLFPDZNo se presta 0010718PDaPDbPDcHDd2018-03-19iLF1l0oxxx I37g, 6to.p46703-20r2020-06-25w2020-06-25yLFPDZNo se presta c46192d46192